| 000 | 00593nam a2200217Ia 4500 | ||
|---|---|---|---|
| 003 | OSt | ||
| 005 | 20250224150211.0 | ||
| 008 | 210210b1936 xxu||||| |||| 00| 0 eng d | ||
| 040 | _cAL | ||
| 041 | _ahin | ||
| 082 | _a869/161 | ||
| 100 |
_aPANT (Sumitra Nandan) _9202264 |
||
| 110 |
_bपंत सुमीत्रा नंदन _9202265 |
||
| 245 |
_aPanch kahaniyan: _bपांच कहानियाँ |
||
| 260 |
_aAllahabad _b- _c1936 |
||
| 650 |
_aPanch _9202266 |
||
| 650 |
_akahAniyan _9202267 |
||
| 690 |
_aHindi Fiction _9202268 |
||
| 906 | _a023960 | ||
| 942 |
_2ddc _cBK |
||
| 999 |
_c148925 _d148925 |
||